000 00610nam a2200205Ia 4500
001 5059
003 GE_BSU
008 181216s||||||||xx |||||||||||||| ||und||
040 _cGE_BSU
080 _a621.002(076)
100 _aСкраган,В.А.
245 _aЛаборатория технологии машиностроения.
245 _bМетодическое пособие.
260 _aМ.
260 _bМашгиз.
260 _c1960.
300 _a130 стр. с илл. 20 см.
653 _aЛаборатория технологии машиностроения.
942 _cBK
999 _c38742
_d38742